Popis a rozbor dolských nářečí na Moravě. část 1., Úvod, ukázky, hláskosloví

Hlavní autor: Bělič, Jaromír, 1914-1977
Jazyk: Čeština
Vydáno: [Brno : Jaromír Bělič, 1947]
Fyzický popis: 239 s.
Knihy
Uloženo v:
LEADER 00805nam a2200229 a 4500
001 000093898
003 CZ BrMZK
005 20080617084026.0
007 ta
008 960815s1947 xr f cze d
040 |a BOA001  |b cze 
100 1 |a Bělič, Jaromír,  |d 1914-1977  |7 jk01011428  |4 aut 
245 1 0 |a Popis a rozbor dolských nářečí na Moravě.  |n část 1.,  |p Úvod, ukázky, hláskosloví 
246 3 0 |a Úvod, ukázky, hláskosloví 
260 |a [Brno :  |b Jaromír Bělič,  |c 1947] 
300 |a 239 s. 
502 |a Habilitační práce -- Masarykova univerzita, 1947 
504 |a Obsahuje bibliografii 
541 |a Brno, Masarykova univerzita 
910 |a BOA001  |b 4-1024.764,1 
990 |a BK 
996 7 |b 2610041983  |c 4-1024.764,1  |l MZK  |r Sklad / do 1 hodiny  |n 12  |p dar  |w 000093898  |u 000010  |a 1  |e BOA001  |j MZK50  |s A